000 00645nas a2200229 i 4500
001 308
003 ES-MaACL
005 20250812062547.0
008 950801d19331967fr w| | 1 ||re d
080 _a7
245 0 0 _aArts.
246 1 3 _aArts loisirs
260 _aParis :
_b[s.n.],
_c[1933?]-1967.
300 _a10 v. :
_bgrab. ;
_c60 cm.
310 _aSemanal
362 0 _a[1933?]-(jul. 1967)
547 _aDesde 1966 se titula: Arts loisirs.
650 1 7 _aArte
_2embne
_910068
852 _aES-MaACL
_jHEM-GF-14
_xolim: Hem-758-Ter
866 0 _o(1959f.n.721)(1960f.n.763)1961-62(1963)(1964-65)(1966f.n.17)1967
999 _c308
_d308